Marketing plans for services : (Record no. 142644)
[ view plain ]
| 000 -LEADER | |
|---|---|
| fixed length control field | 00938cam a2200253 a 4500 |
| 001 - CONTROL NUMBER | |
| control field | vtls003226324 |
| 003 - CONTROL NUMBER IDENTIFIER | |
| control field | MY-SjTCS |
| 005 - DATE AND TIME OF LATEST TRANSACTION | |
| control field | 20200226115049.0 |
| 008 - FIXED-LENGTH DATA ELEMENTS--GENERAL INFORMATION | |
| fixed length control field | 120120s2011 enka b 001 0 eng |
| 020 ## - INTERNATIONAL STANDARD BOOK NUMBER | |
| International Standard Book Number | 9780470979099 (pbk.) |
| 039 #9 - LEVEL OF BIBLIOGRAPHIC CONTROL AND CODING DETAIL [OBSOLETE] | |
| Level of rules in bibliographic description | 201201201318 |
| Level of effort used to assign nonsubject heading access points | shuhada |
| Level of effort used to assign subject headings | 201201201232 |
| Level of effort used to assign classification | shuhada |
| Level of effort used to assign subject headings | 201201191905 |
| Level of effort used to assign classification | shuhada |
| Level of effort used to assign subject headings | 201201121038 |
| Level of effort used to assign classification | malathy |
| -- | 201111101443 |
| -- | malathy |
| 082 04 - DEWEY DECIMAL CLASSIFICATION NUMBER | |
| Classification number | 658.802 |
| Item number | MAC 2011 |
| 100 1# - MAIN ENTRY--PERSONAL NAME | |
| Personal name | McDonald, Malcolm. |
| 9 (RLIN) | 25815 |
| 245 10 - TITLE STATEMENT | |
| Title | Marketing plans for services : |
| Remainder of title | a complete guide / |
| Statement of responsibility, etc. | Malcolm McDonald, Adrian Payne, and Pennie Frow. |
| 250 ## - EDITION STATEMENT | |
| Edition statement | 3rd ed. |
| 260 ## - PUBLICATION, DISTRIBUTION, ETC. | |
| Place of publication, distribution, etc. | Chichester, West Sussex : |
| Name of publisher, distributor, etc. | Wiley, |
| Date of publication, distribution, etc. | 2011. |
| 300 ## - PHYSICAL DESCRIPTION | |
| Extent | xv, 495 p. ; |
| Other physical details | ill. : |
| Dimensions | 25 cm. |
| 504 ## - BIBLIOGRAPHY, ETC. NOTE | |
| Bibliography, etc. note | Includes bibliographical references and index. |
| 650 #0 - SUBJECT ADDED ENTRY--TOPICAL TERM | |
| Topical term or geographic name entry element | Service industries |
| General subdivision | Marketing. |
| 9 (RLIN) | 9157 |
| 650 #0 - SUBJECT ADDED ENTRY--TOPICAL TERM | |
| Topical term or geographic name entry element | Service industries |
| General subdivision | Planning. |
| 700 1# - ADDED ENTRY--PERSONAL NAME | |
| Personal name | Payne, Adrian. |
| 9 (RLIN) | 22762 |
| 700 1# - ADDED ENTRY--PERSONAL NAME | |
| Personal name | Frow, Pennie. |
| 9 (RLIN) | 57542 |
| 920 ## - Programme | |
| Programme | BDP : 176138 |
| Withdrawn status | Lost status | Source of classification or shelving scheme | Damaged status | Not for loan | Home library | Current library | Date acquired | Total Checkouts | Barcode | Date last seen | Date last checked out | Copy number | Uniform Resource Identifier | Koha item type | Public note |
|---|---|---|---|---|---|---|---|---|---|---|---|---|---|---|---|
| Dewey Decimal Classification | Taylor's Library-TU | Taylor's Library-TU | 19/11/2011 | 14 | 5000125343 | 05/12/2019 | 03/11/2017 | 1 | Floor 4, Shelf 27 , Side 1, TierNo 5, BayNo 1 | Main Collection | TBSxx,34003,03,CL |